| 000 | 01283nam a22002777a 4500 | ||
|---|---|---|---|
| 001 | 2145 | ||
| 003 | DO-SdBNP | ||
| 005 | 20240906093143.0 | ||
| 007 | 2145 | ||
| 008 | 160614b 2007 dr || 00| 0 spa d | ||
| 020 | _a9789945161533 | ||
| 040 |
_aBPMSU _bspa _cBPMSU |
||
| 082 | 4 |
_a158.7 _bO96h 2007 _222 |
|
| 100 | 1 | _aOvalle, Lucía. | |
| 245 | 1 | 0 |
_aHacia una comprensión de las relaciones humanas : _bsu aplicación en el trabajo / _cLucía Ovalle ; |
| 250 | _a6a. ed. | ||
| 260 |
_aSanto Domingo : _bBúho, _c2007 _g |
||
| 300 |
_a200 p. : _bil.; _c24 cm. |
||
| 505 |
_aContenidos:
_tIntroducción -- _tIntroducción a la sexta edición -- _t Relaciones humanas -- _t La personalidad y el conocimiento del yo -- _t La motivación y la conducta -- _t La comunicación -- _t La retroalimentación -- _t Conflicto y frustración -- _t La autoridad -- _t Trabajo en equipo -- _t El cambio -- _t Principales problemas de las relaciones humanas -- _t Principios generales para lograr adecuadas relaciones -- _t Actitudes que favorecen las relaciones humanas -- |
||
| 590 | _aInventariado, 2024/VM | ||
| 650 | 4 | _aRelaciones humanas | |
| 650 | 4 | _aPsicología industrial | |
| 650 | 4 | _aSociología industrial | |
| 910 | _aVMateo V. Control de calidad. BPMSU | ||
| 942 |
_2ddc _cBK |
||
| 999 |
_c14801 _d14801 |
||